| 000 | 01709nam1a2200373 4500 | ||
|---|---|---|---|
| 001 | RU\NLR\bibl\1130345 | ||
| 005 | 20240828161735.0 | ||
| 035 | _a(NLR Aleph) 001117265 | ||
| 090 |
_a1275608 _c1275608 |
||
| 100 | _a20070919g20079999c y0rusy50 ca | ||
| 101 | 0 | _arus | |
| 102 | _aRU | ||
| 105 | _a||||j ||||| | ||
| 200 | 1 |
_aНаш мир _e3 класс _e[учебник] _eв 2 ч. _fО.Н. Федотова, Г.В. Трафимова, С.А. Трафимов, Л.А. Царева |
|
| 205 | _aИзд. 2-е, испр. | ||
| 210 |
_aМосква _cАкадемкнига/Учебник _d2007 |
||
| 215 | _d22 | ||
| 225 | 1 | _aПерспективная начальная школа | |
| 463 | 0 | _10011110052 | |
| 463 | 0 | _10011133585 | |
| 606 | 1 |
_aЕстествознание _jУчебники для начальной школы _91049255 _3RU\NLR\auth\6687283 |
|
| 686 | _aБ.я71-1 | ||
| 701 | 1 |
_4070 _7ca _8rus _aФедотова _bО. Н. _cканд. пед. наук _gОльга Нестеровна _9123774 _3RU\NLR\AUTH\7714096 |
|
| 701 | 1 |
_4070 _7ca _8rus _aТрафимов _bС. А. _cпедагог-методист _gСергей Анатольевич _983095 _3RU\NLR\AUTH\77100169 |
|
| 701 | 1 |
_4070 _aЦарёва _bЛ. А. _cканд. пед. наук, география _gЛора Александровна _9184052 _3RU\NLR\AUTH\770184103 |
|
| 701 | 1 |
_4070 _7ca _8rus _aТрафимова _bГ. В. _cпедагог-методист _gГалина Владимировна _983094 _3RU\NLR\AUTH\77100168 |
|
| 801 | 0 |
_aRU _bNLR _c20070919 _gRCR |
|
| 801 | 1 |
_aRU _bNLR _c20070919 |
|
| 830 | _aпо кн | ||
| 852 |
_aNLR _j2007-5/6055 |
||
| 942 | _cBOOK | ||
| 980 | _aNB | ||